Hispanoamerica y Bartolome de las Casas, ayer y hoy (Record no. 10604)

MARC details
000 -CABECERA
campo de control de longitud fija 00664nam a2200217 a 4500
001 - NÚMERO DE CONTROL
campo de control BRL_1796
005 - FECHA Y HORA DE LA ÚLTIMA TRANSACCIÓN
campo de control 20190320211354.0
008 - DATOS DE LONGITUD FIJA--INFORMACIÓN GENERAL
campo de control de longitud fija 030815s1974----mx-#######---#000-0#spa-#
041 ## - CÓDIGO DE LENGUA
Código de lengua del texto/banda sonora o título independiente spa
044 ## - CÓDIGO DEL PAÍS DE LA ENTIDAD EDITORA/PRODUCTORA
Código MARC del país mx
050 #4 - SIGNATURA TOPOGRÁFICA DE LA BIBLIOTECA DEL CONGRESO
Número de clasificación E125.C4
Número de documento/Ítem .P36 1974
100 1# - ENTRADA PRINCIPAL--NOMBRE DE PERSONA
Nombre de persona Paniagua Herrera, Jorge
9 (RLIN) 27899
245 10 - MENCIÓN DE TÍTULO
Título Hispanoamerica y Bartolome de las Casas, ayer y hoy
Mención de responsabilidad, etc. Jorge Paniagua Herrera.
260 ## - PUBLICACIÓN, DISTRIBUCIÓN, ETC.
Lugar de publicación, distribución, etc. México
Nombre del editor, distribuidor, etc. Comisión Nacional Editorial del Partido Revolucionario Institución
Fecha de publicación, distribución, etc. 1974
300 ## - DESCRIPCIÓN FÍSICA
Extensión 46 p.
Dimensiones 20 cm
500 ## - NOTA GENERAL
Nota general Au1925
504 ## - NOTA DE BIBLIOGRAFÍA, ETC.
Nota de bibliografía, etc. Bibliografía: p. 46
600 14 - PUNTO DE ACCESO ADICIONAL DE MATERIA--NOMBRE DE PERSONA
Nombre de persona Casas, Bartolomé de las,
Fechas asociadas al nombre 1474-1566
9 (RLIN) 25547
902 ## - CATALOGADOR
Iniciales GRL
942 ## - ELEMENTOS DE PUNTO DE ACCESO ADICIONAL (KOHA)
Fuente del sistema de clasificación o colocación Library of Congress Classification
Tipo de ítem Koha Libros
Holdings
Estado de retiro Estado de pérdida Estado dañado No para préstamo Localización permanente Ubicación/localización actual Fecha de adquisición Número de inventario Total de préstamos Signatura topográfica completa Código de barras Fecha visto por última vez Precio válido a partir de Tipo de ítem Koha
El ejemplar forma parte de la colección y puede ser consultado según las políticas vigentes.       Biblioteca Centro de Estudios Ruth D. Lechuga Biblioteca Centro de Estudios Ruth D. Lechuga 03/08/2015 Au1925   E125.C4 .P36 1974 (Au1925) GRL01969 22/03/2019 22/03/2019 Libros